| 000 | 00545nam a2200193Ia 4500 | ||
|---|---|---|---|
| 003 | GCL | ||
| 008 | 140319s9999 xx 000 0 eng d | ||
| 040 |
_aGCL / _cGCL |
||
| 082 | 0 | 4 |
_aRFE _b011.30 _bB C |
| 100 | 1 | _aBLOCHET , E | |
| 245 | 1 | 0 |
_aCATALOGUE DES MANUSCRITS ARABES DES NOUVELLES ACQUISITIONS / _cBLOCHET , E |
| 260 |
_a[S.N] : _bEDITIONS ERNEST LEROUX ، _c1925 |
||
| 300 | _a423 P | ||
| 650 | 0 | 4 | _aMANUSCRIPTS |
| 650 | 0 | 4 | _aBIBLIOGRAPHIES |
| 650 | 0 | 4 | _aMANUSCRIPTS, ARABIC |
| 650 | 0 | 4 | _aARABIC MANUSCRIPTS PARIS |
| 942 |
_2ddc _cBK |
||
| 999 |
_c15560 _d15560 |
||